000 00807nam a2200241 a 4500
001 000018471
005 20200929165818.0
008 100510s1941 sp 000 d spa d
040 _aDO-SdBNP
_bspa
082 _a862.5
_bG216v
100 1 _aGarcía Gutiérrez, Antonio,
_d1813-1884
_939966
245 1 0 _aVenganza catalana ; Juan Lorenzo /
_cGarcía Gutiérrez ; edición de José R. Lomba.
260 _aMadrid :
_bEspasa-Calpe,.
300 _axxiv, 263, [2] p. ;
_c19 cm.
490 1 _aClásicos castellanos
_v65
504 _aIncluye referencias bibliográficas y notas al pie de las páginas
650 4 _aTeatro español
_93071
650 4 _aLiteratura española
_9632
700 1 _aLomba, José R.,
_eed.
_939967
830 0 _aClásicos castellanos ;
_v65
_94180
910 _aWM
049 _aBNGR
999 _c17991
_d17991